| Tag |
First Indicator |
Second Indicator |
Subfields |
| LEADER |
00000cam a2200000 a 4500 |
| 001 |
in00002198131 |
| 005 |
20171028063646.0 |
| 008 |
060309s2006 nyu 000 1 eng |
| 010 |
|
|
|a 2006044422
|
| 020 |
|
|
|a 140006483X
|
| 024 |
3 |
|
|a 9781400064830
|
| 035 |
|
|
|a (OCoLC)ocm65065500
|
| 040 |
|
|
|a DLC
|c DLC
|d UtOrBLW
|
| 049 |
|
|
|a TXAM
|
| 050 |
0 |
0 |
|a PS3563.A6652
|b W35 2006
|
| 082 |
0 |
0 |
|a 813/.54
|2 22
|
| 100 |
1 |
|
|a Markoe, Merrill.
|
| 245 |
1 |
0 |
|a Walking in circles before lying down :
|b a novel /
|c Merrill Markoe.
|
| 250 |
|
|
|a 1st ed.
|
| 264 |
|
1 |
|a New York :
|b Villard Books,
|c [2006]
|
| 264 |
|
4 |
|c ©2006
|
| 300 |
|
|
|a 270 pages ;
|c 22 cm.
|
| 336 |
|
|
|a text
|b txt
|2 rdacontent
|
| 337 |
|
|
|a unmediated
|b n
|2 rdamedia
|
| 338 |
|
|
|a volume
|b nc
|2 rdacarrier
|
| 650 |
|
0 |
|a Dogs
|v Fiction.
|
| 650 |
|
0 |
|a Man-woman relationships
|v Fiction.
|
| 650 |
|
0 |
|a Romance fiction.
|
| 650 |
|
0 |
|a Humorous stories.
|
| 945 |
|
|
|i PromptCat
|
| 947 |
|
|
|a A14834373270
|
| 948 |
|
|
|a cataloged
|b h
|c 2006/9/5
|d c
|e ceaton
|f 2:29:49 pm
|
| 994 |
|
|
|a 92
|b TXA
|
| 999 |
|
|
|a MARS
|
| 999 |
f |
f |
|s 76a762ac-d4a4-3046-8dd9-cc47a162003f
|i 95664992-7568-328c-97e7-40046f59bb00
|t 0
|
| 952 |
f |
f |
|p ric
|a Texas A&M University
|b Rellis Campus
|c Joint Library Facility
|d Remote Storage
|t 0
|e PS3563.A6652 W35 2006
|h Library of Congress classification
|i unmediated -- volume
|m A14834373270
|
| 998 |
f |
f |
|a PS3563.A6652 W35 2006
|t 0
|l Remote Storage
|